La imaginación criminológica / (Registro nro. 172772)

Detalles MARC
000 -LEADER
fixed length control field 01426nam a22003731i 4500
001 - CONTROL NUMBER
control field bslw10055309
006 - FIXED-LENGTH DATA ELEMENTS--ADDITIONAL MATERIAL CHARACTERISTICS--GENERAL INFORMATION
fixed length control field m o d
007 - PHYSICAL DESCRIPTION FIXED FIELD--GENERAL INFORMATION
fixed length control field cr un ---uuuua
008 - FIXED-LENGTH DATA ELEMENTS--GENERAL INFORMATION
fixed length control field 230530s2015 sp ob 000 0 spa d
020 ## - INTERNATIONAL STANDARD BOOK NUMBER
International Standard Book Number 9788413810812
035 ## -
-- 38424
040 ## - CATALOGING SOURCE
Original cataloging agency UtOrBLW
Language of cataloging eng
Description conventions rda
Transcribing agency UtOrBLW
041 1# -
-- spa
-- eng
050 #4 -
-- HV6026.S6
-- Y6818 2015
082 04 -
-- 364
-- 23
100 1# - MAIN ENTRY--PERSONAL NAME
Personal name Young, Jock,
Relator term author.
240 10 -
-- Criminological imagination.
-- Spanish
245 13 - TITLE STATEMENT
Title La imaginación criminológica /
Statement of responsibility, etc Jock Young ; traducción de Andrea Gavela Llopis ; revisión de la traducción de Íñigo Ortiz de Urbina Gimeno.
264 #1 -
-- Madrid :
-- Marcial Pons,
-- 2015.
300 ## - PHYSICAL DESCRIPTION
Extent 1 online resource (278 pages)
336 ## -
-- text
-- txt
-- rdacontent
337 ## -
-- computer
-- c
-- rdamedia
338 ## -
-- online resource
-- cr
-- rdacarrier
490 1# - SERIES STATEMENT
Series statement Derecho penal y criminología
500 ## - GENERAL NOTE
General note Título original: The criminological imagination. Cambridge : Polity Press, 2011. Esta traducción se publica de acuerdo con Polity Press Ltd., Cambridge.
504 ## - BIBLIOGRAPHY, ETC. NOTE
Bibliography, etc Includes bibliographical references.
650 #0 - SUBJECT ADDED ENTRY--TOPICAL TERM
Topical term or geographic name as entry element Criminology.
700 1# - ADDED ENTRY--PERSONAL NAME
Personal name Gavela Llopis, Andrea,
Relator term translator.
700 1# - ADDED ENTRY--PERSONAL NAME
Personal name Ortiz de Urbina Gimeno, Íñigo,
Relator term editor.
830 #0 -
-- Derecho penal y criminología (Marcial Pons (Firm))
856 40 - LOCALIZACIÓN Y ACCESO ELECTRÓNICO
Identificador Uniforme del Recurso (URI/URL) https://app.vlex.com/#/sources/38424
942 ## -
-- RAA
999 ## -
-- 172772
-- 172772

No hay ítems disponibles.


CONTACTO


NOSOTROS


SITIOS DE INTERES

coordinacion.biblioteca.biblioteca@unienlinea.mx Misión, Visión y Objetivos Bases de datos
Directorio Bibliotecas Digitales y Repositorios
Normatividad Revistas y artículos
Convenios interbibliotecarios
Boletines



Hecho en México. Universidad Insurgentes (UIN). Todos los derechos reservados 2024. Esta página y sus contenidos pueden ser reproducidos con fines no lucrativos, siempre y cuando no se mutile, se cite la fuente completa y su dirección electrónicas. De otra forma requiere permiso previo por escrito de la institución




2024 Copyright Universidad Insurgentes | www.bibliouin.com.mx